[Event "Leer op"]
[Site "Leer"]
[Date "2024.10.31"]
[Round "2"]
[White "Wiethuechter, Samuel"]
[Black "Budzyn, Matthias"]
[Result "0-1"]
[WhiteElo "1883"]
[BlackElo "1999"]
[PlyCount "65"]
[EventDate "2024.10.31"]
[EventType "swiss"]
[EventRounds "7"]
[EventCountry "GER"]
[SourceTitle "CB45_2024"]
[Source "ChessBase"]
[SourceDate "2024.11.06"]
[SourceVersion "1"]
[SourceVersionDate "2024.11.06"]
[SourceQuality "1"]

1. c4 e5 2. Nc3 Nf6 3. g3 c6 4. Bg2 d5 5. cxd5 cxd5 6. d3 Nc6 7. Bg5 Be6 8. Bxf6 gxf6 9. Qa4 Be7 10. e4 d4 11. Nd5 0-0 12. Nxe7+ Qxe7 13. a3 a6 14. Nf3 b5 15. Qd1 Rac8 16. Nh4 Qd7 17. Qh5 Kg7 18. h3 Ne7 19. Bf3 Ng6 20. Nf5+ Bxf5 21. exf5 Ne7 22. Be4 Rc2 23. f4 Qd6 24. 0-0 Nd5 25. Qg4+ Kh8 26. Qh4 Ne3 27. fxe5 Qxe5 28. Rf4 Rg8 29. Kh1 Rg5 30. Rg1 Kg7 31. b4 Qc7 32. Bg2 Qc3 33. Be4 0-1

[Event "Walsrode Chessemy op-A"]
[Site "Walsrode"]
[Date "2023.03.11"]
[Round "8"]
[White "Steffens, Oliver"]
[Black "Budzyn, Matthias"]
[Result "1-0"]
[WhiteElo "1928"]
[BlackElo "2084"]
[PlyCount "131"]
[EventDate "2023.03.04"]
[EventType "swiss"]
[EventRounds "9"]
[EventCountry "GER"]
[SourceTitle "CBM 213 Extra"]
[Source "ChessBase"]
[SourceDate "2023.05.31"]
[SourceVersion "1"]
[SourceVersionDate "2023.05.31"]
[SourceQuality "1"]

1. e4 e5 2. Nf3 Nc6 3. Bb5 a6 4. Ba4 Nf6 5. 0-0 Be7 6. Re1 b5 7. Bb3 d6 8. a4 Bd7 9. c3 0-0 10. h3 Na5 11. Bc2 c5 12. d4 cxd4 13. cxd4 Nc6 14. axb5 axb5 15. Rxa8 Qxa8 16. Nc3 Qb8 17. Bg5 Nxd4 18. Nxd4 exd4 19. Qxd4 b4 20. Ne2 h6 21. Bf4 Be6 22. Qd3 b3 23. Bb1 Qb4 24. Rc1 Rc8 25. Rxc8+ Bxc8 26. Bd2 Qb6 27. Nd4 Ba6 28. Qc3 Nd7 29. Nxb3 Qb5 30. Bc2 Qf1+ 31. Kh2 Qxf2 32. Be3 Qf1 33. Nd2 Qe2 34. Nf3 Bf6 35. Bd4 Ne5 36. Nxe5 dxe5 37. Be3 Bh4 38. Qd2 Qf1 39. Bb3 Be1 40. Qd5 h5 41. Qa8+ Kh7 42. Bxf7 Qxf7 43. Qxa6 h4 44. Qe2 Bg3+ 45. Kg1 Qa2 46. Qc2 Qa1+ 47. Qc1 Qa4 48. Qb1 Qb3 49. Bf2 g5 50. Qc1 Bf4 51. Qc7+ Kg6 52. Qb6+ Qxb6 53. Bxb6 Kf7 54. b4 Ke6 55. Bc5 Kd7 56. b5 Kc7 57. Kf2 Kd7 58. Ke2 Kc7 59. Kd3 Kd7 60. Be3 Kd6 61. Bxf4 exf4 62. Ke2 Kc5 63. Kf3 Kxb5 64. Kg4 Kc5 65. Kxg5 Kd4 66. Kxf4 1-0

[Event "Walsrode Chessemy op-A"]
[Site "Walsrode"]
[Date "2023.03.09"]
[Round "6"]
[White "Fabregas, Oliver"]
[Black "Budzyn, Matthias"]
[Result "0-1"]
[WhiteElo "1777"]
[BlackElo "2084"]
[PlyCount "96"]
[EventDate "2023.03.04"]
[EventType "swiss"]
[EventRounds "9"]
[EventCountry "GER"]
[SourceTitle "CBM 213 Extra"]
[Source "ChessBase"]
[SourceDate "2023.05.31"]
[SourceVersion "1"]
[SourceVersionDate "2023.05.31"]
[SourceQuality "1"]

1. e4 e5 2. Nf3 Nc6 3. Bc4 Nf6 4. d3 Be7 5. 0-0 0-0 6. Re1 d6 7. a4 Be6 8. Nbd2 a5 9. c3 Bxc4 10. Nxc4 Re8 11. h3 Bf8 12. Bg5 h6 13. Bh4 g6 14. Qb3 g5 15. Nxg5 hxg5 16. Bxg5 b6 17. Re3 Re6 18. Rg3 Bg7 19. Ne3 Ne7 20. Qxe6 fxe6 21. Bxf6 Kf7 22. Bxg7 Ng6 23. Bh6 Qh8 24. Bg5 Ke8 25. Ng4 Kd7 26. Bf6 Qf8 27. h4 Nf4 28. Re1 Nh5 29. Rf3 Qg8 30. Bg5 Kc6 31. Nh6 Qg6 32. g3 Kb7 33. Ng4 Rh8 34. d4 exd4 35. cxd4 Qe8 36. b3 Qc6 37. Rf7 Rc8 38. Rh7 Nxg3 39. fxg3 Qc3 40. Re3 Qxd4 41. Kg2 Rf8 42. Kh3 Rf1 43. Nh2 Rh1 44. Re2 Qd3 45. Rf2 Qxe4 46. Rff7 Kc6 47. Rxc7+ Kd5 48. g4 Qf3# 0-1

[Event "Walsrode Chessemy op-A"]
[Site "Walsrode"]
[Date "2023.03.06"]
[Round "3"]
[White "Budzyn, Matthias"]
[Black "Berres, Eric"]
[Result "1/2-1/2"]
[WhiteElo "2084"]
[BlackElo "1866"]
[PlyCount "117"]
[EventDate "2023.03.04"]
[EventType "swiss"]
[EventRounds "9"]
[EventCountry "GER"]
[SourceTitle "CBM 213 Extra"]
[Source "ChessBase"]
[SourceDate "2023.05.31"]
[SourceVersion "1"]
[SourceVersionDate "2023.05.31"]
[SourceQuality "1"]

1. e4 e5 2. Nf3 Nc6 3. Bb5 a6 4. Ba4 Nf6 5. d3 b5 6. Bb3 Be7 7. 0-0 0-0 8. Re1 Bb7 9. c3 d5 10. Nbd2 dxe4 11. dxe4 Bc5 12. Qe2 Ng4 13. Rf1 Qe7 14. h3 Nf6 15. Nh4 g6 16. g4 Na5 17. Bc2 Nh5 18. gxh5 Qxh4 19. Qg4 Qxg4+ 20. hxg4 Nc4 21. Nxc4 bxc4 22. Bh6 Rfd8 23. Rfd1 f6 24. g5 Be7 25. gxf6 Bxf6 26. hxg6 hxg6 27. Be3 Bc6 28. f3 Kf8 29. Kf2 Be7 30. Ke2 Rab8 31. b4 a5 32. Rxd8+ Rxd8 33. Rh1 Kg7 34. a3 Ra8 35. Bh6+ Kf7 36. Bc1 Kg7 37. Bb2 Bg5 38. a4 Rd8 39. Bc1 Bxc1 40. Rxc1 Rh8 41. Rf1 Kf6 42. Ke3 Rh2 43. Rf2 Rh1 44. Rd2 Re1+ 45. Kf2 Ra1 46. bxa5 Bxa4 47. Bxa4 Rxa4 48. Rd5 Ra3 49. Rc5 Rxc3 50. Rxc7 Ra3 51. Rc6+ Kg5 52. Kg3 Rxa5 53. Rxc4 Rb5 54. Rc6 Ra5 55. Rd6 Ra1 56. Re6 Ra5 57. Rd6 Ra1 58. Rd5 Kf6 59. Rd6+ 1/2-1/2

[Event "Walsrode Chessemy op-A"]
[Site "Walsrode"]
[Date "2023.03.04"]
[Round "1"]
[White "Budzyn, Matthias"]
[Black "Stamatow, Christian"]
[Result "1-0"]
[WhiteElo "2084"]
[BlackElo "1733"]
[PlyCount "91"]
[EventDate "2023.03.04"]
[EventType "swiss"]
[EventRounds "9"]
[EventCountry "GER"]
[SourceTitle "CBM 213 Extra"]
[Source "ChessBase"]
[SourceDate "2023.05.31"]
[SourceVersion "1"]
[SourceVersionDate "2023.05.31"]
[SourceQuality "1"]

1. e4 e5 2. Nf3 Nc6 3. Bb5 a6 4. Ba4 Nf6 5. d3 Be7 6. Bxc6 dxc6 7. Nxe5 0-0 8. 0-0 Bc5 9. h3 Bxf2+ 10. Rxf2 Nxe4 11. Qf3 Nxf2 12. Qxf2 Qe7 13. Nf3 Re8 14. Nc3 b5 15. Ne4 Bf5 16. Nc5 Qd6 17. Bd2 h6 18. Rf1 Re7 19. b4 Rae8 20. Nd4 Bg6 21. Nxa6 Ra8 22. Bf4 Qd7 23. Nc5 Qd5 24. Ncb3 Rxa2 25. Qf3 Rd7 26. Qxd5 cxd5 27. Re1 Kf8 28. Nc5 Re7 29. Rxe7 Kxe7 30. Bxc7 Rb2 31. c3 Rd2 32. Bf4 Ra2 33. Nxb5 Bf5 34. Nd4 Bc8 35. b5 Rb2 36. Ncb3 g5 37. Bc7 Rb1+ 38. Kf2 Rb2+ 39. Kf3 h5 40. g4 hxg4+ 41. hxg4 Rb1 42. b6 Rg1 43. Nf5+ Kd7 44. d4 Rb1 45. Nc5+ Ke8 46. Nd6+ 1-0

[Event "Staufer op 33rd"]
[Site "Schwaebisch Gmuend"]
[Date "2023.01.02"]
[Round "2"]
[White "Graf, Anton"]
[Black "Budzyn, Matthias"]
[Result "0-1"]
[WhiteElo "1906"]
[BlackElo "2095"]
[PlyCount "60"]
[EventDate "2023.01.02"]
[EventType "swiss"]
[EventRounds "9"]
[EventCountry "GER"]
[SourceTitle "CBM 212 Extra"]
[Source "ChessBase"]
[SourceDate "2023.03.31"]
[SourceVersion "1"]
[SourceVersionDate "2023.03.31"]
[SourceQuality "1"]

1. Nf3 Nf6 2. d4 g6 3. g3 d5 4. Bg2 Bg7 5. 0-0 0-0 6. c4 dxc4 7. Nbd2 Nc6 8. e3 Be6 9. Qe2 Qc8 10. Rd1 Bg4 11. Nxc4 Ne4 12. Ncd2 Nxd2 13. Rxd2 a5 14. Qc4 a4 15. Rc2 Bf5 16. Rc3 Be4 17. Ra3 Ra5 18. b4 Bd5 19. Qc3 Rb5 20. Rxa4 e5 21. Rb1 Bxf3 22. Bxf3 exd4 23. Qd3 Ne5 24. Qe4 f5 25. Qc2 Nxf3+ 26. Kf1 Qd7 27. Qd3 Rd5 28. b5 dxe3 29. Qxe3 Rd1+ 30. Kg2 Ne1+ 0-1

[Event "Rhein Main op-A 24th"]
[Site "Bad Homburg"]
[Date "2022.06.18"]
[Round "5"]
[White "Budzyn, Matthias"]
[Black "Faqiry, Ramat"]
[Result "1/2-1/2"]
[WhiteElo "2152"]
[BlackElo "1959"]
[PlyCount "75"]
[EventDate "2022.06.15"]
[EventType "swiss"]
[EventRounds "7"]
[EventCountry "GER"]
[SourceTitle "EXT 2023"]
[Source "ChessBase"]
[SourceDate "2022.10.05"]
[SourceVersion "1"]
[SourceVersionDate "2022.10.05"]
[SourceQuality "1"]

1. e4 c5 2. c3 e6 3. d4 d5 4. e5 f5 5. Nf3 cxd4 6. cxd4 Bb4+ 7. Nc3 Ne7 8. a3 Bxc3+ 9. bxc3 0-0 10. Bd3 Nbc6 11. h4 Qe8 12. h5 Na5 13. h6 g6 14. Bg5 Nc4 15. Qe2 Nb6 16. Bf6 Nc6 17. Ng5 Qd7 18. g4 Ne7 19. gxf5 Nxf5 20. Bxf5 exf5 21. 0-0 Qc7 22. Qf3 Bd7 23. Be7 Rfe8 24. Bc5 Qd8 25. Nh3 Qh4 26. Bxb6 axb6 27. Qxd5+ Be6 28. Qxb7 Qxh6 29. Qg2 Rad8 30. f4 Bd5 31. Qg3 Rc8 32. Rf2 Qf8 33. Ng5 Re7 34. Rb2 Qd8 35. a4 Ba8 36. Qd3 Qd5 37. Kh2 Rec7 38. Qb5 1/2-1/2

[Event "Reinstorf op"]
[Site "Reinstorf"]
[Date "2022.02.05"]
[Round "8"]
[White "Monninger, Moritz Franz"]
[Black "Budzyn, Matthias"]
[Result "0-1"]
[WhiteElo "2064"]
[BlackElo "2139"]
[PlyCount "82"]
[EventDate "2022.01.29"]
[EventType "swiss"]
[EventRounds "9"]
[EventCountry "GER"]
[SourceTitle "CBM 206 Extra"]
[Source "ChessBase"]
[SourceDate "2022.03.31"]
[SourceVersion "1"]
[SourceVersionDate "2022.03.31"]
[SourceQuality "1"]

1. d4 Nf6 2. Bg5 d5 3. e3 c5 4. Bxf6 exf6 5. dxc5 Bxc5 6. Nc3 Be6 7. Bb5+ Nc6 8. Qh5 Qb6 9. 0-0-0 0-0 10. Nge2 Rfd8 11. Bd3 g6 12. Qh4 Be7 13. Nd4 f5 14. Qf4 Bf6 15. h4 Nxd4 16. exd4 Qxd4 17. Qxd4 Bxd4 18. Bxf5 Bxf2 19. Bh3 Bxh4 20. Kb1 Bf6 21. Nb5 Rac8 22. Nd4 Bxd4 23. Rxd4 Rc4 24. Rd2 Rh4 25. b3 Bxh3 26. gxh3 f5 27. c4 d4 28. Rd3 Kf7 29. b4 Kf6 30. b5 b6 31. Rc1 Rc8 32. Kb2 Re4 33. a4 Ke5 34. a5 Re2+ 35. Kb1 Re3 36. Rd2 Rb3+ 37. Ka2 Rxh3 38. c5 bxc5 39. b6 axb6 40. axb6 Ra8+ 41. Kb2 Kd6 0-1

[Event "Oberliga Nord N 2122"]
[Site "Germany"]
[Date "2021.10.31"]
[Round "1.7"]
[White "Lampe, Dirk"]
[Black "Budzyn, Matthias"]
[Result "1/2-1/2"]
[WhiteElo "2166"]
[BlackElo "2157"]
[PlyCount "63"]
[EventDate "2021.10.31"]
[EventType "team-tourn"]
[EventRounds "9"]
[EventCountry "GER"]
[SourceTitle "EXT 2023"]
[Source "ChessBase"]
[SourceDate "2022.10.05"]
[SourceVersion "1"]
[SourceVersionDate "2022.10.05"]
[SourceQuality "1"]
[WhiteTeam "Luebeck"]
[BlackTeam "Kiel Turm II"]
[WhiteTeamCountry "GER"]
[BlackTeamCountry "GER"]

1. e4 e5 2. Nf3 Nc6 3. Bb5 a6 4. Ba4 Nf6 5. 0-0 Be7 6. Re1 b5 7. Bb3 d6 8. a4 Bd7 9. c3 0-0 10. d3 Na5 11. Bc2 c5 12. Nbd2 Nc6 13. Nf1 b4 14. Ne3 h6 15. d4 bxc3 16. bxc3 exd4 17. cxd4 Nb4 18. Bb1 d5 19. exd5 Nfxd5 20. Nxd5 Nxd5 21. dxc5 Nc3 22. Qc2 Nxb1 23. Rxb1 Rc8 24. Ba3 Bf6 25. Red1 Qc7 26. c6 Rfd8 27. Bb2 Qxc6 28. Qxc6 Bxc6 29. Bxf6 gxf6 30. Rxd8+ Rxd8 31. a5 Bxf3 32. gxf3 1/2-1/2

[Event "Oberliga Nord N 1819"]
[Site "Germany"]
[Date "2019.02.24"]
[Round "7.7"]
[White "Grote, Dirk"]
[Black "Budzyn, Matthias"]
[Result "0-1"]
[WhiteElo "2090"]
[BlackElo "2124"]
[PlyCount "144"]
[EventDate "2018.10.21"]
[EventType "team-tourn"]
[EventRounds "9"]
[EventCountry "GER"]
[SourceTitle "EXT 2020"]
[Source "ChessBase"]
[SourceDate "2019.10.17"]
[SourceVersion "1"]
[SourceVersionDate "2019.10.17"]
[SourceQuality "1"]
[WhiteTeam "St Pauli II"]
[BlackTeam "Kiel Turm II"]
[WhiteTeamCountry "GER"]
[BlackTeamCountry "GER"]

1. d4 Nf6 2. c4 g6 3. f3 Nc6 4. d5 Ne5 5. e4 d6 6. Nc3 Bg7 7. f4 Ned7 8. Nf3 0-0 9. Be2 Nc5 10. Nd2 a5 11. 0-0 e6 12. Kh1 exd5 13. cxd5 Re8 14. Qc2 Bd7 15. Rb1 Qe7 16. Bf3 Ng4 17. Nd1 Qh4 18. Bxg4 Qxg4 19. Nc3 b5 20. Nb3 Nxb3 21. axb3 b4 22. Nd1 Bb5 23. Re1 Qh4 24. g3 Qh5 25. Kg2 Bd7 26. Nf2 Rac8 27. Be3 c6 28. Qd3 c5 29. Ra1 a4 30. Qc2 a3 31. bxa3 Bxa1 32. Rxa1 bxa3 33. Rxa3 Ra8 34. Bc1 Rxa3 35. Bxa3 f6 36. Bb2 Rf8 37. Qc3 Qe2 38. b4 Bh3+ 39. Kxh3 Qf1+ 40. Kg4 Qxf2 41. Kh3 Qf1+ 42. Kh4 Qe2 43. Kh3 Qxe4 44. bxc5 Qxd5 45. cxd6 Qxd6 46. Kh4 Qe6 47. Qd4 Kg7 48. Bc3 h6 49. g4 Re8 50. h3 g5+ 51. fxg5 hxg5+ 52. Kg3 Qe3+ 53. Kg2 Qe2+ 54. Kg1 Qe3+ 55. Kg2 Qxd4 56. Bxd4 Rd8 57. Bc3 Kf7 58. Bb4 Ke6 59. Be1 Rd4 60. Bc3 Rc4 61. Ba5 Kd5 62. Bd8 Ke5 63. Kg3 Rc3+ 64. Kg2 Rc8 65. Be7 Rc7 66. Bd8 Rd7 67. Ba5 Kf4 68. Bc3 Rd6 69. Ba5 Rc6 70. Bd8 Rc2+ 71. Kf1 Kf3 72. Ke1 Rc6 0-1

[Event "Oberliga Nord N 1819"]
[Site "Germany"]
[Date "2018.11.25"]
[Round "3.7"]
[White "Peschke, Matthias"]
[Black "Budzyn, Matthias"]
[Result "1/2-1/2"]
[WhiteElo "1983"]
[BlackElo "2124"]
[PlyCount "129"]
[EventDate "2018.10.21"]
[EventType "team-tourn"]
[EventRounds "9"]
[EventCountry "GER"]
[SourceTitle "EXT 2020"]
[Source "ChessBase"]
[SourceDate "2019.10.17"]
[SourceVersion "1"]
[SourceVersionDate "2019.10.17"]
[SourceQuality "1"]
[WhiteTeam "Marmstorf"]
[BlackTeam "Kiel Turm II"]
[WhiteTeamCountry "GER"]
[BlackTeamCountry "GER"]

1. c4 g6 2. g3 Nf6 3. Bg2 d5 4. cxd5 Nxd5 5. Nc3 Nb6 6. Nf3 Bg7 7. 0-0 Nc6 8. d3 0-0 9. Be3 e5 10. Qd2 Nd4 11. Bh6 Nxf3+ 12. Bxf3 c6 13. Rac1 Be6 14. Bxg7 Kxg7 15. b4 Nc4 16. Qc2 Nd6 17. Qb2 Nf5 18. Na4 Nd4 19. Bg2 Kg8 20. Nc5 Bg4 21. Rfe1 Qe7 22. h3 Bc8 23. e3 Nf5 24. d4 exd4 25. exd4 Qf6 26. Rcd1 Nd6 27. Qc1 Be6 28. d5 cxd5 29. g4 Rac8 30. Qe3 Rfe8 31. Qg3 Ne4 32. Bxe4 dxe4 33. Nxe4 Qg7 34. g5 h5 35. Nf6+ Kh8 36. Nxe8 Rxe8 37. Qc7 Rc8 38. Rd8+ Rxd8 39. Qxd8+ Kh7 40. a3 Qc3 41. Re3 Qc4 42. Qd3 Qf4 43. Qb5 Bf5 44. Qxb7 Qxg5+ 45. Rg3 Qc1+ 46. Kh2 Be6 47. Qe4 Qd2 48. Qe3 Qd6 49. Qd3 Qf4 50. Qe3 Qd6 51. h4 Qd8 52. Qf4 Qd1 53. Rg1 Qd3 54. Qg3 Qd2 55. Qe3 Qd6+ 56. f4 a6 57. Rg2 Qd8 58. Kg3 Qd1 59. Qe2 Qb3+ 60. Qf3 Qc4 61. Rd2 Qc1 62. Qe3 Qh1 63. Rh2 Qd1 64. Re2 Qh1 65. Rh2 1/2-1/2

[Event "Oberliga Nord N 1819"]
[Site "Germany"]
[Date "2018.10.21"]
[Round "1.7"]
[White "Budzyn, Matthias"]
[Black "Dittmann, Hans Adolf"]
[Result "1-0"]
[WhiteElo "2124"]
[BlackElo "2062"]
[PlyCount "93"]
[EventDate "2018.10.21"]
[EventType "team-tourn"]
[EventRounds "9"]
[EventCountry "GER"]
[SourceTitle "EXT 2020"]
[Source "ChessBase"]
[SourceDate "2019.10.17"]
[SourceVersion "1"]
[SourceVersionDate "2019.10.17"]
[SourceQuality "1"]
[WhiteTeam "Kiel Turm II"]
[BlackTeam "Preetz"]
[WhiteTeamCountry "GER"]
[BlackTeamCountry "GER"]

1. e4 c5 2. c3 d5 3. exd5 Qxd5 4. d4 Nc6 5. Nf3 Bg4 6. Be2 cxd4 7. cxd4 e6 8. 0-0 Nf6 9. h3 Bh5 10. Nc3 Qd7 11. Be3 Be7 12. Qb3 0-0 13. Ne5 Nxe5 14. dxe5 Bxe2 15. exf6 Bxf1 16. fxe7 Qxe7 17. Rxf1 b6 18. Bf4 Rac8 19. Re1 Qf6 20. Be5 Qf5 21. Nb5 Rc2 22. Qg3 Qg6 23. Bc3 Qxg3 24. fxg3 e5 25. Na3 Rxc3 26. bxc3 f6 27. Kf2 Rc8 28. Re3 Kf7 29. Ke2 Ke6 30. Kd2 Rc5 31. c4 f5 32. Kc3 g5 33. Re2 Ra5 34. Kb3 h5 35. Nb5 a6 36. Nd4+ Kf6 37. Nc6 Rc5 38. Nb8 Ke6 39. Nxa6 Ra5 40. Nc7+ Kd6 41. Nb5+ Ke6 42. Rd2 f4 43. gxf4 gxf4 44. Rd6+ Kf5 45. Rxb6 Ra8 46. Nd6+ Kg5 47. c5 1-0

[Event "Schleswig Holstein-ch Meisterklasse"]
[Site "Bad Segeberg"]
[Date "2018.03.28"]
[Round "7.2"]
[White "Budzyn, Matthias"]
[Black "Krause, Jonah"]
[Result "0-1"]
[WhiteElo "2108"]
[BlackElo "2336"]
[PlyCount "120"]
[EventDate "2018.03.24"]
[EventType "swiss"]
[EventRounds "9"]
[EventCountry "GER"]
[SourceTitle "EXT 2022"]
[Source "ChessBase"]
[SourceDate "2021.10.06"]
[SourceVersion "1"]
[SourceVersionDate "2021.10.06"]
[SourceQuality "1"]

1. e4 c5 2. c3 Nf6 3. e5 Nd5 4. Nf3 d6 5. d4 cxd4 6. Qxd4 e6 7. Nbd2 Nc6 8. Bb5 Bd7 9. Bxc6 Bxc6 10. Nc4 dxe5 11. Ncxe5 h6 12. 0-0 Qb6 13. c4 Nf6 14. Qxb6 axb6 15. Be3 Bxf3 16. Nxf3 Bc5 17. Rfd1 Ke7 18. Kf1 Rhc8 19. Bxc5+ bxc5 20. a4 g5 21. Ne5 Rd8 22. Rxd8 Rxd8 23. Ke2 Rd6 24. a5 Nd7 25. Nd3 Kd8 26. Ra3 Kc7 27. f3 f6 28. g4 Rd4 29. a6 bxa6 30. Rxa6 Rxc4 31. Rxe6 Rc2+ 32. Ke3 Rxh2 33. Nf2 h5 34. gxh5 Rxh5 35. f4 gxf4+ 36. Kxf4 Rh4+ 37. Kf5 Rh2 38. Re2 Kc6 39. Kf4 Rh4+ 40. Kf5 Rh2 41. Kf4 Kb5 42. Kg3 Rh5 43. Ne4 Re5 44. Kf4 Kb4 45. Rd2 Re7 46. Kf5 c4 47. Nxf6 Nxf6 48. Kxf6 Re3 49. Kf5 Kb3 50. Kf4 Re1 51. Kf3 Rb1 52. Ke3 Rxb2 53. Rd8 c3 54. Rh8 Rd2 55. Rb8+ Kc2 56. Rb7 Rd8 57. Ke2 Re8+ 58. Kf2 Kc1 59. Rc7 c2 60. Rb7 Re5 0-1

[Event "Schleswig Holstein-ch Meisterklasse"]
[Site "Bad Segeberg"]
[Date "2018.03.26"]
[Round "4.2"]
[White "Moeller, Dustin"]
[Black "Budzyn, Matthias"]
[Result "1-0"]
[WhiteElo "2091"]
[BlackElo "2108"]
[PlyCount "77"]
[EventDate "2018.03.24"]
[EventType "swiss"]
[EventRounds "9"]
[EventCountry "GER"]
[SourceTitle "EXT 2022"]
[Source "ChessBase"]
[SourceDate "2021.10.06"]
[SourceVersion "1"]
[SourceVersionDate "2021.10.06"]
[SourceQuality "1"]

1. d4 Nf6 2. c4 g6 3. Nc3 d5 4. cxd5 Nxd5 5. Bd2 Bg7 6. e4 Nxc3 7. Bxc3 0-0 8. h4 c5 9. d5 Bxc3+ 10. bxc3 h5 11. Qd2 Qd6 12. Nf3 e5 13. Qh6 Qf6 14. Qg5 Kg7 15. Qxf6+ Kxf6 16. a4 Bg4 17. Nd2 Bc8 18. a5 Ke7 19. Nc4 f6 20. f3 Rd8 21. Be2 Bd7 22. Rb1 Bc8 23. g4 Nd7 24. gxh5 gxh5 25. Rg1 Kf8 26. Kf2 b5 27. Ne3 a6 28. Rg6 Kf7 29. Rbg1 Nf8 30. Rg7+ Ke8 31. f4 Bg4 32. Nxg4 hxg4 33. Bxg4 Rdb8 34. Bh5+ Kd8 35. Rf7 Nd7 36. Rgg7 Ra7 37. Bg4 Rbb7 38. Rg8+ Kc7 39. Rxd7# 1-0

[Event "Erfurt MT op 27th"]
[Site "Erfurt"]
[Date "2017.12.30"]
[Round "8"]
[White "Weber, Max"]
[Black "Budzyn, Matthias"]
[Result "1-0"]
[WhiteElo "2259"]
[BlackElo "2099"]
[PlyCount "111"]
[EventDate "2017.12.26"]
[EventType "swiss"]
[EventRounds "8"]
[EventCountry "GER"]
[SourceTitle "CBM 182 Extra"]
[Source "ChessBase"]
[SourceDate "2018.02.23"]
[SourceVersion "1"]
[SourceVersionDate "2018.02.23"]
[SourceQuality "1"]

1. Nf3 Nf6 2. c4 g6 3. Nc3 d5 4. cxd5 Nxd5 5. h4 Nxc3 6. bxc3 Qd5 7. g3 Bg7 8. Bg2 0-0 9. h5 Nc6 10. Kf1 Qc5 11. hxg6 fxg6 12. Qb3+ Kh8 13. d4 Qb6 14. Ng5 h5 15. Qc2 Bf5 16. Be4 Nxd4 17. cxd4 Qxd4 18. Rxh5+ gxh5 19. Bxf5 Qf6 20. e4 Qxa1 21. Kg2 Rxf5 22. exf5 Qf6 23. Ne6 Qc3 24. Qd1 Kg8 25. Bf4 Rf8 26. Nxf8 Kxf8 27. Qd8+ Kf7 28. Qd5+ Kf8 29. Qd8+ Kf7 30. Qd5+ Kf8 31. Qxb7 Qc4 32. Qxa7 Qe4+ 33. Kh2 Bd4 34. Qxc7 Bxf2 35. Qe5 Qxe5 36. Bxe5 Be3 37. Kh3 Bg5 38. a4 Ke8 39. a5 Kd7 40. a6 Kc6 41. Bd4 Kc7 42. Kg2 Kc6 43. Kf3 Kc7 44. Bf2 Kc6 45. Ke4 Bf6 46. a7 Kb7 47. Kd5 Bg5 48. Ke6 Bf6 49. Kf7 Ka8 50. Kg6 Be5 51. Kxh5 Bf6 52. g4 Kb7 53. Kg6 Ka8 54. g5 Be5 55. Kf7 Bd6 56. g6 1-0

[Event "Erfurt MT op 27th"]
[Site "Erfurt"]
[Date "2017.12.27"]
[Round "3"]
[White "Budzyn, Matthias"]
[Black "Nguyen, Huy Dat"]
[Result "1/2-1/2"]
[WhiteElo "2099"]
[BlackElo "2214"]
[PlyCount "20"]
[EventDate "2017.12.26"]
[EventType "swiss"]
[EventRounds "8"]
[EventCountry "GER"]
[SourceTitle "CBM 182 Extra"]
[Source "ChessBase"]
[SourceDate "2018.02.23"]
[SourceVersion "1"]
[SourceVersionDate "2018.02.23"]
[SourceQuality "1"]

1. e4 c5 2. c3 Nf6 3. e5 Nd5 4. Nf3 e6 5. Bc4 b6 6. 0-0 Ba6 7. Bxa6 Nxa6 8. d4 cxd4 9. Qxd4 Nb8 10. c4 Nc6 1/2-1/2

[Event "Lueneburg IM"]
[Site "Lueneburg"]
[Date "2017.07.13"]
[Round "6"]
[White "Budzyn, Matthias"]
[Black "Fuchs, Judith"]
[Result "0-1"]
[WhiteElo "2108"]
[BlackElo "2285"]
[PlyCount "60"]
[EventDate "2017.07.08"]
[EventType "tourn"]
[EventRounds "9"]
[EventCountry "GER"]
[EventCategory "2"]
[SourceTitle "CBM 179 Extra"]
[Source "ChessBase"]
[SourceDate "2017.08.23"]
[SourceVersion "1"]
[SourceVersionDate "2017.08.23"]
[SourceQuality "1"]

1. e4 c6 2. d4 d5 3. e5 c5 4. dxc5 Nc6 5. a3 Nxe5 6. b4 e6 7. Bb2 Ng6 8. Nf3 Nf6 9. Nc3 Bd7 10. h4 h5 11. Qd4 Qb8 12. Qd2 Be7 13. Bd3 Nf4 14. Nb5 Ng4 15. 0-0 0-0 16. Nd6 Nxd3 17. cxd3 Bxd6 18. Qg5 f6 19. Qxh5 Nh6 20. Bxf6 Rxf6 21. cxd6 Qxd6 22. Rae1 Raf8 23. Ne5 Bc6 24. g4 Be8 25. Qg5 Nf7 26. Nxf7 R8xf7 27. Re5 Rg6 28. Qxg6 Qxe5 29. d4 Qxd4 30. Qxe6 Bd7 0-1